<?xml version="1.0" encoding="UTF-8"?>
<collection xmlns="http://www.loc.gov/MARC21/slim">
 <record>
  <leader>01944cam a2200433 ca4500</leader>
  <controlfield tag="001">1110525540</controlfield>
  <controlfield tag="003">DE-627</controlfield>
  <controlfield tag="005">20251224221551.0</controlfield>
  <controlfield tag="007">tu</controlfield>
  <controlfield tag="008">940812n19uuuuuuxx |||||      00| ||ger c</controlfield>
  <datafield tag="015" ind1=" " ind2=" ">
   <subfield code="a">94,N33,0574</subfield>
   <subfield code="2">dnb</subfield>
  </datafield>
  <datafield tag="016" ind1="7" ind2=" ">
   <subfield code="a">940714361</subfield>
   <subfield code="2">DE-101</subfield>
  </datafield>
  <datafield tag="020" ind1=" " ind2=" ">
   <subfield code="a">3050025670</subfield>
  </datafield>
  <datafield tag="035" ind1=" " ind2=" ">
   <subfield code="a">(DE-627)1110525540</subfield>
  </datafield>
  <datafield tag="035" ind1=" " ind2=" ">
   <subfield code="a">(DE-576)040525546</subfield>
  </datafield>
  <datafield tag="035" ind1=" " ind2=" ">
   <subfield code="a">(DE-599)DNB940714361</subfield>
  </datafield>
  <datafield tag="040" ind1=" " ind2=" ">
   <subfield code="a">DE-627</subfield>
   <subfield code="b">ger</subfield>
   <subfield code="c">DE-627</subfield>
   <subfield code="e">rakwb</subfield>
  </datafield>
  <datafield tag="041" ind1=" " ind2=" ">
   <subfield code="a">ger</subfield>
  </datafield>
  <datafield tag="082" ind1="0" ind2=" ">
   <subfield code="a">759.3</subfield>
  </datafield>
  <datafield tag="084" ind1=" " ind2=" ">
   <subfield code="a">9,10</subfield>
   <subfield code="2">ssgn</subfield>
  </datafield>
  <datafield tag="084" ind1=" " ind2=" ">
   <subfield code="a">LI 37810</subfield>
   <subfield code="2">rvk</subfield>
   <subfield code="0">(DE-625)rvk/96186:</subfield>
  </datafield>
  <datafield tag="100" ind1="1" ind2=" ">
   <subfield code="a">Nordhoff, Claudia</subfield>
   <subfield code="d">1962-</subfield>
   <subfield code="0">(DE-588)1070692352</subfield>
   <subfield code="0">(DE-627)824463021</subfield>
   <subfield code="0">(DE-576)169726053</subfield>
   <subfield code="4">aut</subfield>
  </datafield>
  <datafield tag="245" ind1="1" ind2="0">
   <subfield code="a">Jakob Philipp Hackert</subfield>
   <subfield code="b">1737 - 1807; Verzeichnis seiner Werke</subfield>
   <subfield code="c">Claudia Nordhoff; Hans Reimer</subfield>
  </datafield>
  <datafield tag="264" ind1=" " ind2="1">
   <subfield code="a">Berlin</subfield>
   <subfield code="b">Akad.-Verl.</subfield>
   <subfield code="c">19XX-</subfield>
  </datafield>
  <datafield tag="336" ind1=" " ind2=" ">
   <subfield code="a">Text</subfield>
   <subfield code="b">txt</subfield>
   <subfield code="2">rdacontent</subfield>
  </datafield>
  <datafield tag="337" ind1=" " ind2=" ">
   <subfield code="a">ohne Hilfsmittel zu benutzen</subfield>
   <subfield code="b">n</subfield>
   <subfield code="2">rdamedia</subfield>
  </datafield>
  <datafield tag="338" ind1=" " ind2=" ">
   <subfield code="a">Band</subfield>
   <subfield code="b">nc</subfield>
   <subfield code="2">rdacarrier</subfield>
  </datafield>
  <datafield tag="490" ind1="0" ind2=" ">
   <subfield code="a">Acta humaniora</subfield>
  </datafield>
  <datafield tag="655" ind1=" " ind2="7">
   <subfield code="a">Werkverzeichnis</subfield>
   <subfield code="0">(DE-588)4189680-4</subfield>
   <subfield code="0">(DE-627)104464909</subfield>
   <subfield code="0">(DE-576)210061456</subfield>
   <subfield code="2">gnd-content</subfield>
  </datafield>
  <datafield tag="689" ind1="0" ind2="0">
   <subfield code="d">p</subfield>
   <subfield code="0">(DE-588)118544306</subfield>
   <subfield code="0">(DE-627)133390365</subfield>
   <subfield code="0">(DE-576)208945571</subfield>
   <subfield code="a">Hackert, Jakob Philipp</subfield>
   <subfield code="d">1737-1807</subfield>
   <subfield code="2">gnd</subfield>
  </datafield>
  <datafield tag="689" ind1="0" ind2=" ">
   <subfield code="5">(DE-627)</subfield>
  </datafield>
  <datafield tag="700" ind1="1" ind2=" ">
   <subfield code="a">Reimer, Hans</subfield>
   <subfield code="4">aut</subfield>
  </datafield>
  <datafield tag="700" ind1="1" ind2=" ">
   <subfield code="a">Hackert, Jakob Philipp</subfield>
   <subfield code="d">1737-1807</subfield>
   <subfield code="e">Ill.</subfield>
   <subfield code="0">(DE-588)118544306</subfield>
   <subfield code="0">(DE-627)133390365</subfield>
   <subfield code="0">(DE-576)208945571</subfield>
   <subfield code="4">ill</subfield>
  </datafield>
  <datafield tag="787" ind1="0" ind2="8">
   <subfield code="i">Rezensiert in</subfield>
   <subfield code="a">Börsch-Supan, Helmut, 1933 - </subfield>
   <subfield code="t">[Rezension von: Wolfgang Krönig, Reinhard Wegner; Jakob Philipp Hackert / Il paesaggio secondo natura / Claudia Nordhoff, Hans Reimer; Jakob Philipp Hackert 1737-1807]</subfield>
   <subfield code="d">1996</subfield>
   <subfield code="w">(DE-627)1860720285</subfield>
  </datafield>
  <datafield tag="936" ind1="r" ind2="v">
   <subfield code="a">LI 37810</subfield>
   <subfield code="b">Hackert, Philipp</subfield>
   <subfield code="k">Kunstgeschichte</subfield>
   <subfield code="k">Künstler-Monografien</subfield>
   <subfield code="k">Alphabetische Künstlerliste</subfield>
   <subfield code="k">Künstler H</subfield>
   <subfield code="k">Hackert, Philipp</subfield>
   <subfield code="0">(DE-627)1271132893</subfield>
   <subfield code="0">(DE-625)rvk/96186:</subfield>
   <subfield code="0">(DE-576)201132893</subfield>
  </datafield>
  <datafield tag="951" ind1=" " ind2=" ">
   <subfield code="a">MC</subfield>
  </datafield>
  <datafield tag="990" ind1=" " ind2=" ">
   <subfield code="a">Hackert, Jakob Philipp</subfield>
  </datafield>
  <datafield tag="991" ind1=" " ind2=" ">
   <subfield code="a">Rezensiertes Werk</subfield>
  </datafield>
  <datafield tag="999" ind1=" " ind2=" ">
   <subfield code="a">KXP-PPN1110525540</subfield>
   <subfield code="e">4921489572</subfield>
  </datafield>
 </record>
</collection>
